LEADER 01388nam--2200409---450- 001 990005940200203316 005 20140327114606.0 010 $a978-88-459-2842-0 035 $a000594020 035 $aUSA01000594020 035 $a(ALEPH)000594020USA01 035 $a000594020 100 $a20140327d2013----km-y0itay50------ba 101 1 $aita$ceng 102 $aIT 105 $a||||||||001yy 200 1 $aFra i boschi e l'acqua$ea piedi fino a Costantinopoli$edal medio Danubio alle Porte di Ferro$fPatrick Leigh Fermor$gtraduzione di Adriana Bottini e Jacopo M. Colucci 210 $aMilano$cAdelphi$d2013 215 $a290 p., [1] carta geografica$d22 cm 225 2 $aBiblioteca Adelphi$v615 410 0$12001$aBiblioteca Adelphi$v615 454 0$12001$aBetween the woods and the water$913958 607 $aEuropa centrale$xDescrizioni [e] viaggi$2BNCF 676 $a914.0455 700 1$aFERMOR,$bPatrick Leigh$0449263 702 1$aBOTTINI,$bAdriana 702 1$aCOLUCCI,$bJacopo M. 801 0$aIT$bsalbc$gISBD 912 $a990005940200203316 951 $aVII.3.A. 2335$b9447 L.G.$cVII.3.A.$d00353391 959 $aBK 969 $aUMA 979 $aPASSARO$b90$c20140327$lUSA01$h1116 979 $aPASSARO$b90$c20140327$lUSA01$h1118 979 $aPASSARO$b90$c20140327$lUSA01$h1146 996 $aBetween the woods and the water$913958 997 $aUNISA LEADER 03669nam 22007215 450 001 996466462503316 005 20200705120258.0 010 $a3-319-24249-0 024 7 $a10.1007/978-3-319-24249-1 035 $a(CKB)4340000000001116 035 $a(SSID)ssj0001584971 035 $a(PQKBManifestationID)16264204 035 $a(PQKBTitleCode)TC0001584971 035 $a(PQKBWorkID)14865391 035 $a(PQKB)10909453 035 $a(DE-He213)978-3-319-24249-1 035 $a(MiAaPQ)EBC6285648 035 $a(MiAaPQ)EBC5587363 035 $a(Au-PeEL)EBL5587363 035 $a(OCoLC)921302279 035 $a(PPN)190528494 035 $a(EXLCZ)994340000000001116 100 $a20150907d2015 u| 0 101 0 $aeng 135 $aurnn|008mamaa 181 $ctxt 182 $cc 183 $acr 200 10$aComputer Safety, Reliability, and Security$b[electronic resource] $eSAFECOMP 2015 Workshops, ASSURE, DECSoS. ISSE, ReSA4CI, and SASSUR, Delft, The Netherlands, September 22, 2015, Proceedings /$fedited by Floor Koornneef, Coen van Gulijk 205 $a1st ed. 2015. 210 1$aCham :$cSpringer International Publishing :$cImprint: Springer,$d2015. 215 $a1 online resource (XXXVI, 422 p. 170 illus. in color.) 225 1 $aProgramming and Software Engineering ;$v9338 300 $aIncludes index. 311 $a3-319-24248-2 330 $aThis book constitutes the refereed proceedings of 5 workshops co-located with SAFECOMP 2015, the 34th International Conference on Computer Safety, Reliability, and Security, held in Delft, The Netherlands, in September 2015. The 36 revised full papers presented were carefully reviewed and selected from numerous submissions. This year?s workshop are: ASSURE 2015 - Assurance Cases for Software-intensive Systems; DECSoS'15 - EWICS/ERCIM/ARTEMIS Dependable Cyber-physical Systems and Systems-of-Systems Workshop; ISSE'15 - International workshop on the Integration of Safety and Security Engineering; ReSA4CI 2015 - International Workshop on Reliability and Security Aspects for Critical Infrastructure Protection; SASSUR 2015 - International Workshop on Next Generation of System Assurance Approaches for Safety-Critical Systems. . 410 0$aProgramming and Software Engineering ;$v9338 606 $aComputer logic 606 $aSoftware engineering 606 $aComputer security 606 $aComputer organization 606 $aLogics and Meanings of Programs$3https://scigraph.springernature.com/ontologies/product-market-codes/I1603X 606 $aSoftware Engineering$3https://scigraph.springernature.com/ontologies/product-market-codes/I14029 606 $aSystems and Data Security$3https://scigraph.springernature.com/ontologies/product-market-codes/I28060 606 $aComputer Systems Organization and Communication Networks$3https://scigraph.springernature.com/ontologies/product-market-codes/I13006 615 0$aComputer logic. 615 0$aSoftware engineering. 615 0$aComputer security. 615 0$aComputer organization. 615 14$aLogics and Meanings of Programs. 615 24$aSoftware Engineering. 615 24$aSystems and Data Security. 615 24$aComputer Systems Organization and Communication Networks. 676 $a004 702 $aKoornneef$b Floor$4edt$4http://id.loc.gov/vocabulary/relators/edt 702 $avan Gulijk$b Coen$4edt$4http://id.loc.gov/vocabulary/relators/edt 801 0$bMiAaPQ 801 1$bMiAaPQ 801 2$bMiAaPQ 906 $aBOOK 912 $a996466462503316 996 $aComputer Safety, Reliability, and Security$92175020 997 $aUNISA LEADER 01067nam0-22002771i-450 001 990007532250403321 005 20250416124201.0 035 $a000753225 100 $a20030814d1992----km-y0itay50------ba 101 0 $aita 102 $aIT 105 $aa-------001yy 200 1 $a<>media valle del Tevere, L'Armerino e l'Orvietano$esub regioni con prevalenza di grandi proprietà terriere, evoluzione dei tipi di conduzione agraria e loro riflessi sul paesaggio rurale$fGiovanni de Santis, M. E. Sacchi De Angelis 210 $aPerugia$cUniversità$d1992 215 $a[34] p.$cill.$d23 cm 300 $aEstr. da: Quaderni dell'Istituto Policattedra di Geografia, n. 14, 1992 610 0 $aUmbia$aPaesaggio rurale 700 1$aDe Santis,$bGiovanni$f<1949- >$0238733 701 1$aSacchi De Angelis,$bMaria Enrica$0269674 801 0$aIT$bUNINA$gRICA$2UNIMARC 901 $aLG 912 $a990007532250403321 952 $aMisc.D 0150$bI.G. s.i.$fILFGE 959 $aILFGE 996 $aMedia valle del Tevere, L'Armerino e l'Orvietano$9683577 997 $aUNINA